| 000 | 00455nam a2200157Ia 4500 | ||
|---|---|---|---|
| 008 | 230711s9999||||xx |||||||||||||| ||und|| | ||
| 041 | _aENG | ||
| 082 |
_a624 _bFA-W |
||
| 100 | _aFair, Gordon Maskew | ||
| 245 | 0 | _aWater and wastewater engineering, volume 1 : Water supply and wastewater removal | |
| 250 | _a19th . Ed. | ||
| 260 |
_c1991 _aNew York _bJohn Wiley & Sons.Inc |
||
| 650 | _aCivil Engineering | ||
| 700 | _aGeyer, John Charles | ||
| 942 | _cBK | ||
| 999 |
_c2278 _d2278 |
||